• 首页
  • 本馆介绍
  • 公告通知
  • 最新文献
  • 馆藏检索
  • 电子资源
  • 读者导购
  • 参考咨询
  • 我的图书馆
  • 登录
  • 详细信息显示
  • 放入我的书架
  • 预约/预借图书
  • 作者相关作品
  • 分类相关作品
  • 丛书相关作品
  • 出版社相关作品

书目信息

  • 表格格式
  • 工作单格式
  • 卡片格式
题名:
国有资本投资体制的历史变迁与深化改革
    
 
作者: 吴泓 著
分册:  
出版信息: 北京   社会科学文献出版社·政法传媒分社  2020
页数: 209页
开本: 23cm
丛书名:
单 册:
中图分类: F832.39
科图分类:
主题词: 国有企业--guo you qi ye--投资体制--研究--中国
电子资源:
ISBN: 978-7-5201-6781-9
000 01070nam0 2200253 450
001 2159261490
005 20210926145340.0
010    @a978-7-5201-6781-9@dCNY78.00
100    @a20201102d2020 em y0chiy0120 ea
101 0  @achi
102    @aCN@b110000
105    @ay az 000yy
106    @ar
200 1  @a国有资本投资体制的历史变迁与深化改革@Aguo you zi ben tou zi ti zhi de li shi bian qian yu shen hua gai ge@f吴泓著
210    @a北京@c社会科学文献出版社·政法传媒分社@d2020
215    @a209页@d23cm
300    @a本书受到福建工程学院科研启动基金GY-520010的资助
320    @a有书目(第180-209页)
330    @a本书考察了改革开放以来国有资本投资体制的历史变迁与改革历程,并归纳总结了各阶段的历史特点和发展模式,在总结国有资本投资体制现状的基础上,指出现阶段我国还存在国有资本投资效率不高、国有资本投资体制服务供给侧结构性改革乏力的问题,并提出了深化改革的总体对策与实施路径。
606 0  @a国有企业@Aguo you qi ye@x投资体制@x研究@y中国
690    @aF832.39@v5
701  0 @a吴泓@Awu hong@4著
801  0 @aCN@b百万庄@c20210926
905    @b1299512-15@dF832.39@e198@f4
    
    国有资本投资体制的历史变迁与深化改革/吴泓著.-北京:社会科学文献出版社·政法传媒分社,2020
    209页;23cm
    本书受到福建工程学院科研启动基金GY-520010的资助
    
    ISBN 978-7-5201-6781-9:CNY78.00
    本书考察了改革开放以来国有资本投资体制的历史变迁与改革历程,并归纳总结了各阶段的历史特点和发展模式,在总结国有资本投资体制现状的基础上,指出现阶段我国还存在国有资本投资效率不高、国有资本投资体制服务供给侧结构性改革乏力的问题,并提出了深化改革的总体对策与实施路径。
●
相关链接 在E读中查询图书 在五车中查询图书 在当当中查询图书 在豆瓣中查询图书


正题名:国有资本投资体制的历史变迁与深化改革     索取号:F832.39/198         预约/预借

序号 登录号 条形码 馆藏地/架位号 状态 备注
1 1299512   212995124   第一样本阅览室/ [索取号:F832.39/198] 在馆    
2 1299513   212995133   第一借阅区/ [索取号:F832.39/198] 在馆    
3 1299514   212995142   第一借阅区/ [索取号:F832.39/198] 在馆    
4 1299515   212995151   第一借阅区/ [索取号:F832.39/198] 在馆    
唐山师范学院图书馆 欢迎您!
大连网信软件有限公司© 版权所有